000 00595nam a2200229Ia 4500
003 OSt
005 20220918194109.0
006 a|||||r|||| 00| 0
007 ta
008 220917b |||||||| |||| 00| 0 eng d
024 _a77,702
037 _cTextual
040 _aARTS
_cARTS
_beng
041 _2eng
_aeng
082 _aSb4, K9
100 _aLathrop Richard G
_983486
245 0 _aIntroduction to psychological research
_b logic, disign, analysis
260 _c1969
650 _aPSYCHOLOGY
942 _hSb4, K9
_cTEXL
_2CC
999 _c201605
_d201605